| 000 | 00455nam a2200181Ia 4500 | ||
|---|---|---|---|
| 008 | 230524s9999 xx 000 0 und d | ||
| 020 | _a9788120321458 | ||
| 082 |
_a6.78 _bRAO |
||
| 100 | _aK.R.Rao | ||
| 245 | 0 | _aMultimedia Communication Systems | |
| 250 | _a1ST | ||
| 260 |
_aNEW DELHI _bPHI _c2005 |
||
| 300 | _aXII;545 | ||
| 500 | _aQuantity Number: 23 | ||
| 650 | _aElectronics | ||
| 700 | _a" Z.S.Bojkovic , D.A.Milovanovic,,," | ||
| 942 | _cBK | ||
| 999 |
_c31302 _d31302 |
||